Les chansons de Vacra - Mort subite - Statistiques

Statistiques générales
  • Ce quiz a été pris 46 fois
  • Le résultat moyen est 5 sur 10
Answers on the Grid
Answers color-coded by a green-red scale on the quiz's grid according to % correct below.
Joie de filles
Balade
Jalouse
Confidences
Tiki Taka
Totopika
Piranha
Chouchou
Plan séquence
Quasimodo
Esméralda
Contre plongée
Chacha
Requin
Dauphin
Toko taka
Conflits
Jamais
Jaloux
Joie d'hommes
 
Statistiques - réponses
Réponse % Correct
Tiki Taka
87%
Piranha
71%
Joie de filles
68%
Chouchou
65%
Confidences
65%
Plan séquence
58%
Balade
35%
Jalouse
35%
Totopika
26%
Quasimodo
19%
Aucun quiz correspondant
Distribution des résultats
% des personnes avec chaque résultat
Percentile par nombre de réponses
Votre historique - résultats
Vous n’avez pas pris ce quiz